Amor de Caridad (novela)

সংরক্ষণ করুন:
গ্রন্থ-পঞ্জীর বিবরন
প্রধান লেখক: León, Ricardo
বিন্যাস: গ্রন্থ
ভাষা:Undetermined
প্রকাশিত: Madrid, España Victoriano Suarez 1940
সংস্করন:6
বিষয়গুলি:
ট্যাগগুলো: ট্যাগ যুক্ত করুন
কোনো ট্যাগ নেই, প্রথমজন হিসাবে ট্যাগ করুন!

MARC

LEADER 00000nam a2200000Ia 4500
008 170316s9999 xx 000 0 und d
040 |a cru BVZT 
090 |a 862 L-14a 
100 |a León, Ricardo 
245 |a Amor de Caridad (novela) 
250 |a 6 
260 |a Madrid, España 
260 |b Victoriano Suarez 
260 |c 1940 
300 |a 260 páginas 
650 |a LITERATURA ESPAÑOLA 
650 |a NOVELA 
999 |c 10062  |d 10062 
942 |c 15 D  |h 862 L-14a  |2 z